000 01649cam a2200421 a 4500
001 40880
005 20230410101713.0
008 981014r19981996quc 000 0 fre
035 _a(OCoLC)ocm40179869
040 _aNLC
_bfre
_cNLC
_dTZT
_dOCLCQ
016 _a98016298X
020 _a2980550922
020 _a9782980550928
029 0 _aNLC
_b98016298X
029 1 _aTZT
_bJTL00025675
029 1 _aNZ1
_b5673012
035 _a(OCoLC)40179869
041 0 _afrehat
043 _anwht---
050 1 4 _a110 PM 7854
_bA634p 1998
082 0 0 _a447/.97294
100 1 _aAntoine, Arthur,
_d1953-
245 1 0 _aPar le francais, parle créole :
_bcours d'apprentissage du creole : une langue neo-romane ; precede de, La réforme scolaire de 1980 et la graphie de Laubach handicapent l'epanouissement integral des eleves /
_cArthur Antoine.
260 _a[Montreal] :
_bA. Antoine,
_c[1998?]
300 _axliv, 331 p. ;
_c23 cm.
500 _aDestine au public francophone.
650 6 _aLangues creoles (francaises)
_zHaiti
_xManuels pour francophones.
650 6 _aLangues creoles (francaises)
_zHaiti
_xGrammaire.
650 5 _aCreole dialects, French
_zHaiti
_xTextbooks for second language learners
_xFrench speakers.
650 0 _aCreole dialects, French
_zHaiti
_xGrammar.
650 4 _aCEH
650 4 _aColeccion Estudios Haitianos
653 _aHaiti
_aLanguage
_aCreole.
700 1 _aAntoine, Arthur,
_d1953-
_tReforme scolaire de 1980 et la graphie de Laubach handicapent l'epanouissement integral des eleves.
938 _aJean Touzot Libraire Editeur
_bTOUZ
_nJTL00025675
_c160 FRF
942 _2lcc
_cbk
994 _aC0
_bDRFGD
999 _c12388
_d12388